Получение высокоэффективного катодного материала для литий-серных батарей на основе биосырья; Химия и химическая технология в XXI веке; Т. 2

書誌詳細
Parent link:Химия и химическая технология в XXI веке: материалы XXIII Международной научно-практической конференции студентов и молодых ученых имени выдающихся химиков Л. П. Кулёва и Н. М. Кижнера, Томск, 16-19 мая 2022 г./ Национальный исследовательский Томский политехнический университет (ТПУ); Инженерная школа природных ресурсов; Инженерная школа новых производственных технологий; Исследовательская школа химических и биомедицинских технологий..— , 2022
Т. 2.— 2022.— [С. 321-320]
第一著者: Григулевич А. А.
団体著者: Национальный исследовательский Томский политехнический университет Инженерная школа природных ресурсов Отделение химической инженерии
その他の著者: Шалавина А. А. (научный руководитель), Сорока Л. С. Людмила Станиславовна
要約:Заглавие с титульного экрана
言語:ロシア語
出版事項: 2022
シリーズ:Химия и химическая технология (для школьников)
主題:
オンライン・アクセス:http://earchive.tpu.ru/handle/11683/72539
フォーマット: 電子媒体 図書の章
KOHA link:https://koha.lib.tpu.ru/cgi-bin/koha/opac-detail.pl?biblionumber=634588

MARC

LEADER 00000naa2a2200000 4500
001 634588
005 20231101133823.0
035 |a (RuTPU)RU\TPU\conf\36406 
035 |a RU\TPU\conf\36405 
090 |a 634588 
100 |a 20220629d2022 k y0rusy50 ca 
101 0 |a rus 
102 |a RU 
105 |a y z 101zy 
135 |a drgn ---uucaa 
181 0 |a i  
182 0 |a b 
200 1 |a Получение высокоэффективного катодного материала для литий-серных батарей на основе биосырья  |f А. А. Григулевич, А. А. Шалавина  |g науч. рук. Л. С. Сорока 
203 |a Текст  |c электронный 
225 1 |a Химия и химическая технология (для школьников) 
230 |a 1 компьютерный файл (pdf; 1 099 Kb) 
300 |a Заглавие с титульного экрана 
461 1 |0 (RuTPU)RU\TPU\conf\36040  |t Химия и химическая технология в XXI веке  |o материалы XXIII Международной научно-практической конференции студентов и молодых ученых имени выдающихся химиков Л. П. Кулёва и Н. М. Кижнера, Томск, 16-19 мая 2022 г.  |o в 2 т.  |f Национальный исследовательский Томский политехнический университет (ТПУ); Инженерная школа природных ресурсов; Инженерная школа новых производственных технологий; Исследовательская школа химических и биомедицинских технологий.  |d 2022 
463 1 |0 (RuTPU)RU\TPU\conf\36042  |t Т. 2  |v [С. 321-320]  |d 2022 
610 1 |a труды учёных ТПУ 
610 1 |a электронный ресурс 
610 1 |a катодные материалы 
610 1 |a литий-серные батареи 
610 1 |a синтез 
610 1 |a полимеры 
610 1 |a биосырье 
610 1 |a аккумуляторы 
610 1 |a полимеризация 
700 1 |a Григулевич  |b А. А. 
701 1 |a Шалавина  |b А. А. 
702 1 |a Сорока  |b Л. С.  |c химик-органик  |c доцент Томского политехнического университета, кандидат химических наук  |f 1975-  |g Людмила Станиславовна  |2 stltpush  |4 727 
712 0 2 |a Национальный исследовательский Томский политехнический университет  |b Инженерная школа природных ресурсов  |b Отделение химической инженерии  |h 8085  |2 stltpush  |3 (RuTPU)RU\TPU\col\23513 
801 2 |a RU  |b 63413507  |c 20220704  |g RCR 
856 4 |u http://earchive.tpu.ru/handle/11683/72539 
942 |c BK